[Event "FIN Ch"]
[Site "Helsinki FIN"]
[Date "1983.??.??"]
[Round "7"]
[White "Nykopp, Jan-Michael F"]
[Black "Westerinen, Heikki M J"]
[Result "1/2-1/2"]
[WhiteElo "2285"]
[BlackElo "2355"]
[PlyCount "112"]
[EventDate "1983.??.??"]
[Source "www.chesslib.no"]
[SourceDate "2004.05.04"]

1. e4 e5 2. Nf3 Nc6 3. Bb5 a6 4. Ba4 Nf6 5. Nc3 b5 6. Bb3 Be7 7. O-O d6 8. Nd5 Na5 9. Nxe7 Qxe7 10. d4 Nxb3 11. axb3 h6 12. Re1 O-O 13. c4 Bb7 14. d5 c5 15. Nh4 Rfb8 16. Nf5 Qd8 17. f4 Bc8 18. fxe5 dxe5 19. Qf3 bxc4 20. bxc4 Rb4 21. b3 Rab8 22. Ra3 Bxf5 23. Qxf5 Qd6 24. Re3 Qd7 25. Bb2 R8b6 26. h3 Qb7 27. Bxe5 Rxb3 28. Raxb3 Rxb3 29. Rxb3 Qxb3 30. Bxf6 gxf6 31. Qc8+ Kg7 32. Qxc5 Qb1+ 33. Kf2 Qxe4 34. d6 Qf4+ 35. Ke2 Qe4+ 36. Kf1 Qd3+ 37. Kg1 a5 38. Qxa5 Qd4+ 39. Kf1 Qxc4+ 40. Kf2 Qf4+ 41. Kg1 Qxd6 42. Qa4 Qg3 43. Qd1 Qe3+ 44. Kf1 f5 45. Qa1+ Kg6 46. Qh8 Qc1+ 47. Kf2 Qc5+ 48. Kf1 h5 49. Qg8+ Kf6 50. Qd8+ Ke5 51. Qh8+ Kf4 52. Qxh5 Qc1+ 53. Kf2 Qe3+ 54. Kf1 Qc1+ 55. Ke2 Qc2+ 56. Kf1 Qc1+ 1/2-1/2

[Event "It (open)"]
[Site "?"]
[Date "2005.01.??"]
[Round "8"]
[White "Sergeeva Maria"]
[Black "Hardarson Robert"]
[Result "1/2-1/2"]
[WhiteElo "2312"]
[BlackElo "2325"]
[PlyCount "64"]
[EventDate "2005.??.??"]
[Source "www.chesslib.no"]
[SourceDate "2004.05.04"]

1. e4 e5 2. Nf3 Nc6 3. Bb5 a6 4. Ba4 Nf6 5. Nc3 b5 6. Bb3 Bc5 7. a4 b4 8. Nd5 O-O 9. O-O Nxe4 10. d4 Nxd4 11. Nxd4 Bxd4 12. Qf3 Nc5 13. Bc4 c6 14. c3 bxc3 15. bxc3 e4 16. Qg3 cxd5 17. Bxd5 Bb7 18. cxd4 Bxd5 19. dxc5 Qf6 20. Bf4 Rfe8 21. Rad1 Bc6 22. a5 Re6 23. Rd6 Rae8 24. Rb1 h6 25. h3 Kh7 26. Qe3 Qf5 27. Rb6 Rxd6 28. Bxd6 Bb5 29. Bf4 Re6 30. Rb8 Qd5 31. Bd6 Qd1+ 32. Kh2 Qd5 1/2-1/2

[Event "Tivat Open"]
[Site "Tivat"]
[Date "1995.??.??"]
[Round "7"]
[White "Brenjo, Slavisa"]
[Black "Savic, Miodrag"]
[Result "1-0"]
[WhiteElo "2425"]
[BlackElo "2200"]
[PlyCount "131"]
[EventDate "1995.??.??"]
[Source "www.chesslib.no"]
[SourceDate "2004.05.04"]

1. e4 e5 2. Nf3 Nc6 3. Bb5 a6 4. Ba4 Nf6 5. Nc3 b5 6. Bb3 Bc5 7. d3 h6 8. Nd5 d6 9. c3 O-O 10. Nxf6+ Qxf6 11. Bd5 Bd7 12. O-O Rad8 13. Be3 Ne7 14. Nxe5 Qxe5 15. d4 Bxd4 16. cxd4 Qf6 17. Bb3 c6 18. Qh5 Be6 19. Bc2 Qg6 20. Qh4 Rfe8 21. f3 f6 22. h3 a5 23. Kh2 Qf7 24. b3 a4 25. bxa4 bxa4 26. Bxa4 Ra8 27. Bc2 Rxa2 28. Rxa2 Bxa2 29. Qg3 Nf5 30. exf5 Rxe3 31. Qxd6 Qd5 32. Qxd5+ Bxd5 33. Rf2 Kf7 34. Rd2 Ke7 35. Bd3 Kd6 36. Kg3 Re7 37. Kf4 Rb7 38. Be4 Rb4 39. g4 Rb3 40. h4 Rb7 41. g5 hxg5+ 42. hxg5 Rb4 43. Kg4 Bf7 44. f4 Be8 45. Bf3 Rb5 46. Rh2 Bd7 47. Be4 g6 48. Bd3 gxf5+ 49. Kh5 Rb4 50. g6 Rxd4 51. g7 Be6 52. Bb1 Rxf4 53. Rd2+ Ke5 54. Re2+ Re4 55. Bxe4 fxe4 56. Kh4 f5 57. Rc2 Kd6 58. Rd2+ Ke5 59. Rc2 Kd6 60. Rd2+ Ke7 61. Kg5 Kf7 62. Rd6 Bd5 63. Rd7+ Ke6 64. Rxd5 cxd5 65. g8=Q+ Ke5 66. Qh8+ 1-0

[Event "Evry IM"]
[Site "Evry"]
[Date "2002.04.24"]
[Round "3"]
[White "Barletta, Diego"]
[Black "Neiman, Emmanuel"]
[Result "0-1"]
[WhiteElo "2348"]
[BlackElo "2259"]
[PlyCount "56"]
[EventDate "2002.04.22"]
[Source "ChessBase"]
[SourceDate "2002.07.08"]

1. e4 e5 2. Nf3 Nc6 3. Bb5 a6 4. Ba4 Nf6 5. Nc3 Bc5 6. Nxe5 Nxe5 7. d4 Bd6 8. dxe5 Bxe5 9. O-O O-O 10. Qd3 Re8 11. Re1 b5 12. Bb3 Bb7 13. Nd5 c5 14. Nxf6+ Qxf6 15. Bd5 c4 16. Qd1 Bxd5 17. Qxd5 Bxb2 18. Bxb2 Qxb2 19. a4 Rab8 20. axb5 axb5 21. Ra7 Qxc2 22. Rxd7 Rf8 23. Rc7 Rbd8 24. Qc5 Rd1 25. Qe3 b4 26. h4 b3 27. Kh2 Rxe1 28. Qxe1 b2 0-1

[Event "HUN-chT2 9495"]
[Site "HUN"]
[Date "1995.??.??"]
[Round "?"]
[White "Torok, Jozsef"]
[Black "Magyar, Otto"]
[Result "1/2-1/2"]
[WhiteElo "2260"]
[BlackElo "2325"]
[PlyCount "44"]
[EventDate "1994.??.??"]
[Source "www.chesslib.no"]
[SourceDate "2004.05.04"]

1. e4 e5 2. Nf3 Nc6 3. Bb5 a6 4. Ba4 Nf6 5. Nc3 b5 6. Bb3 Be7 7. O-O d6 8. h3 Bb7 9. d3 Na5 10. Ne2 c5 11. Ng3 O-O 12. c3 Nxb3 13. axb3 g6 14. Bh6 Re8 15. Nd2 d5 16. f4 exf4 17. Bxf4 dxe4 18. dxe4 Qb6 19. Qf3 Qe6 20. Bh6 Nd7 21. Ne2 Bf8 22. Nf4 Qe7 1/2-1/2

[Event "DEN Team Ch"]
[Site "Denmark"]
[Date "1991.??.??"]
[Round "2"]
[White "Pedersen, Karsten"]
[Black "Ochsner, Thomas"]
[Result "1/2-1/2"]
[WhiteElo "2305"]
[BlackElo "2275"]
[PlyCount "118"]
[EventDate "1991.??.??"]
[Source "www.chesslib.no"]
[SourceDate "2004.05.04"]

1. e4 e5 2. Nf3 Nc6 3. Bb5 a6 4. Ba4 Nf6 5. Nc3 b5 6. Bb3 Be7 7. a4 Rb8 8. axb5 axb5 9. Nd5 d6 10. d3 O-O 11. O-O Bg4 12. Be3 Nxd5 13. Bxd5 Nb4 14. Bb3 c5 15. h3 Be6 16. Bxe6 fxe6 17. c3 Nc6 18. d4 exd4 19. cxd4 cxd4 20. Nxd4 Nxd4 21. Bxd4 Rf7 22. Qb3 Bf6 23. Be3 Qd7 24. Rfd1 Be5 25. Ra7 Qe8 26. Rxf7 Qxf7 27. g3 Qe7 28. Ra1 Kf7 29. f4 Bf6 30. g4 h6 31. Ra6 Rc8 32. Qxb5 Kg8 33. Ra7 Qf8 34. Qd7 Re8 35. b4 Re7 36. Qa4 Rxa7 37. Qxa7 Qc8 38. b5 Qc3 39. Bf2 Qb2 40. Qd7 Qb1+ 41. Kh2 Qxe4 42. Qxd6 Qe2 43. Kg1 Qxb5 44. Qxe6+ Kh8 45. h4 Qb1+ 46. Kg2 Qb7+ 47. Kg3 Qe7 48. Qc8+ Qd8 49. Qxd8+ Bxd8 50. Kf3 Kg8 51. Ke4 Kf7 52. h5 Ba5 53. Be3 Bc3 54. Kf5 Bb2 55. Bb6 Bc3 56. Bc7 Bb2 57. Be5 Bc1 58. Ke4 Bd2 59. Bb2 Bb4 1/2-1/2

[Event "BL2-SW 9091"]
[Site "GER"]
[Date "1991.??.??"]
[Round "?"]
[White "Schnaebele, Uwe"]
[Black "Becker, Marc"]
[Result "1-0"]
[WhiteElo "2315"]
[BlackElo "2260"]
[PlyCount "79"]
[EventDate "1990.10.??"]
[Source "www.chesslib.no"]
[SourceDate "2004.05.04"]

1. e4 e5 2. Nf3 Nc6 3. Bb5 a6 4. Ba4 Nf6 5. Nc3 b5 6. Bb3 Be7 7. O-O d6 8. Nd5 O-O 9. c3 Nxd5 10. Bxd5 Bb7 11. d4 Bf6 12. Be3 Na5 13. Bxb7 Nxb7 14. Qc2 Qe7 15. Rae1 Rfe8 16. Nd2 c5 17. d5 Bg5 18. b3 Rec8 19. Qd1 a5 20. Qg4 Bf6 21. a4 bxa4 22. bxa4 c4 23. Rb1 Nc5 24. Bxc5 Rxc5 25. Rb6 Qd8 26. Rfb1 Be7 27. Nf1 g6 28. g3 Bf8 29. Ne3 Qe8 30. Rb7 Rac8 31. Qd1 R8c7 32. Rxc7 Rxc7 33. Rb5 h5 34. Qe2 Qc8 35. Rxa5 Bh6 36. Rb5 Qa6 37. Rb4 Qa7 38. Nc2 Kg7 39. Na3 Bc1 40. Nb5 1-0